书目信息 |
| 题名: |
农业中的微量营养元素
|
|
| 作者: | 莫尔维德特 著 ;中国农业科学院土壤肥料研究所 编译 | |
| 分册: | ||
| 出版信息: | 北京 农业出版社 1984 |
|
| 页数: | 535页 | |
| 开本: | 25cm | |
| 丛书名: | ||
| 单 册: | ||
| 中图分类: | S158.3 , S153.6 | |
| 科图分类: | ||
| 主题词: | 土壤-微量营养元素 , 微量营养元素-土壤 , 土壤学 | |
| 电子资源: | ||
| ISBN: | ||
| 000 | 00905nam0 2200289 45 | |
| 001 | 0184015608 | |
| 005 | 20040521090444.5 | |
| 010 | @dCNY5.30 | |
| 091 | @a16144.2477 | |
| 100 | @a19950530d1984 emky0chiy0121 ea | |
| 101 | 1 | @achi@ceng |
| 102 | @aCN@b110000 | |
| 105 | @ay z 000yy | |
| 106 | @ar | |
| 200 | 10 | @a农业中的微量营养元素@Anong ye zhong de wei liang ying yang yuan su@f(美)J.J.莫尔维德特著@g中国农业科学院土壤肥料研究所编译 |
| 210 | @a北京@c农业出版社@d1984 | |
| 215 | @a535页@d25cm | |
| 606 | @a土壤-微量营养元素 | |
| 606 | @a微量营养元素-土壤 | |
| 606 | 0 | @a土壤学 |
| 690 | @aS158.3@v3 | |
| 690 | @aS153.6 | |
| 701 | 1 | @a莫尔维德特@Amo er wei de te@bJ.J.@4著 |
| 712 | 02 | @a中国农业科学院土壤肥料研究所@Azhong guo nong ye ke xue yuan tu rang fei liao yan jiu suo@4编译 |
| 801 | 0 | @aCN@b上海图书馆@c20040521 |
| 801 | 2 | @aCN@bNLC@c20040521 |
| 905 | @f1@b125345@dS153.6@e3 | |
| 农业中的微量营养元素/(美)J.J.莫尔维德特著/中国农业科学院土壤肥料研究所编译.-北京:农业出版社,1984 |
| 535页;25cm |
| ISBN :CNY5.30 |
| ● |
| 相关链接 |
|
|
|
|
正题名:农业中的微量营养元素
索取号:S153.6/3
 
预约/预借
| 序号 | 登录号 | 条形码 | 馆藏地/架位号 | 状态 | 备注 |
| 1 | 0125345 | 000717594 | 第三借阅区/ [索取号:S153.6/3] | 在馆 | |
| 2 | 0125346 | 202099843 | 第二样本阅览室/ [索取号:S153.6/3] | 在馆 |